00569nam a2200169Ia 4500008004100000020001800041041000800059082001900067100002200086245004100108250000600149260005100155300001900206650002200225999001900247952013300266210716s2011 xx 000 0 und d a9788122432305 aeng a620.00151 DUKR aDukkipati, Rao V. aMatlab for control system engineers. a1 aNew DelhibNew Age International Pvt Ltdc2011 axiii,577/ 2015 aMatlab(620.00151) c197384d197384 001040708MCAaAIMITbAIMITeKnowledge Worldg795.00l0o620.00151 DUKRpMCA16916r2025-07-21 00:00:00v596.25w2021-07-16yBK